00454nam a2200169Ia 4500999001700000003000400017005001700021008004100038040000900079082001900088100002700107245004500134260003900179300000900218650001200227942004500239 c35410d35410OSt20201216102836.0190216s9999||||xx |||||||||||||| ||und|| coclc a612.825bBAI/T aBailey, Ronald H92863 4aThe Role Of The Brain /cRonald H Bailey bTime Life Books,aVirginia:c1975. a176p aZoology cREF2ddch612.825iBAI/Tk612.825mBAI/T